Normal view MARC view

Entry Nombre corporativo

Number of records used in: 1

001 - NÚMERO DE CONTROL

  • campo de control: 13946

003 - IDENTIFICADOR DE NÚMERO DE CONTROL

  • campo de control: OSt

005 - FECHA Y HORA DE LA ÚLTIMA TRANSACCIÓN

  • campo de control: 20221005155620.0

008 - ELEMENTOS DE DATO DE LONGITUD-FIJA

  • campo de control de longitud fija: 221005|| aca||aabn | a|a d

040 ## - FUENTE DE CATALOGACIÓN

  • Centro catalogador/agencia de origen: OSt
  • Centro/agencia transcriptor: OSt

110 ## - ENCABEZAMIENTO-NOMBRE DE ENTIDAD CORPORATIVA

  • Nombre de entidad corporativa o nombre de jurisdicción como elemento de entrada: PRESIDENTS AND DIRECTORS-GENERAL OF THE NATIONAL STATISTICAL INSTITUTES.
  • Unidad subordinada: Conferencia
  • Número del congreso/reunión o número de parte o sección: 88
  • Fecha del congreso o de la firma del tratado: 2002
  • Sede del congreso/Lugar de la reunión: Palermo

670 ## - FUENTE DE DATOS ENCONTRADOS

  • Cita de la fuente: Work cat.: (OSt)13957: PRESIDENTS AND DIRECTORS-GENERAL OF THE NATIONAL STATISTICAL INSTITUTES. Conferencia 88 2002 Palermo, <The> future of the European Statistical System :, 2003

Powered by Koha